|
|
|
|
| LEADER |
01973nam a2200373 a 4500 |
| 001 |
15653 |
| 003 |
BD-DhAAL |
| 008 |
091122s2005 ii a bs 001 0 eng d |
| 999 |
|
|
|c 5965
|d 5965
|
| 010 |
|
|
|a 2006346713
|
| 020 |
|
|
|a 1403927847
|
| 020 |
|
|
|a 9781403930156
|
| 020 |
|
|
|a 1403930155
|
| 040 |
|
|
|a DLC
|c DLC
|d BD-DhAAL
|
| 082 |
0 |
0 |
|a 338.95492
|
| 245 |
0 |
0 |
|a Transforming Bangladesh into a middle income economy /
|c edited by Sadiq Ahmed.
|
| 260 |
|
|
|a Delhi :
|b Macmilan India,
|c 2005, 2006.
|
| 300 |
|
|
|a xiv, 498 pages :
|b illustrations ;
|c 25 cm.
|
| 500 |
|
|
|a Includes statistical tables.
|
| 504 |
|
|
|a Includes bibliographical references and index.
|
| 520 |
|
|
|a Contributed articles on economic reform process and growth in Bangladesh.
|
| 541 |
1 |
|
|a Donated By Akbar Ali Khan
|e 15653, 39585
|
| 650 |
|
|
|a Economics.
|9 51741
|
| 651 |
|
0 |
|a Bangladesh
|x Economic policy.
|9 51742
|
| 651 |
|
0 |
|a Bangladesh
|x Economic policy
|v Statistics.
|9 51743
|
| 651 |
|
0 |
|a Bangladesh
|x Economic conditions.
|9 51744
|
| 651 |
|
0 |
|a Bangladesh
|x Economic conditions
|v Statistics.
|9 51745
|
| 700 |
1 |
|
|a Ahmed, Sadiq.
|9 51746
|
| 852 |
4 |
|
|a Ayesha Abed Library
|c General Stacks
|
| 942 |
|
|
|2 ddc
|c BK
|
| 952 |
|
|
|0 0
|1 0
|2 ddc
|4 0
|6 338_909549200000000_TRA_2005
|7 0
|9 5949
|a BRACUL
|b BRACUL
|c GEN
|d 2009-12-06
|g 0.00
|l 1
|o 338.9095492 TRA
|p 3010015653
|r 2012-03-19
|s 2012-03-07
|t 1
|w 2009-12-06
|y BK
|x No price found in the accession register.
|
| 952 |
|
|
|0 0
|1 0
|2 ddc
|4 0
|6 338_954920000000000_TRA
|7 0
|9 20481
|a IGS
|b IGS
|c GEN
|d 2012-06-13
|e A H Development Publishing House
|g 750.00
|l 1
|m 3
|o 338.95492 TRA
|p 3010025375
|r 2014-06-09
|s 2012-12-31
|t 2
|w 2012-06-13
|y BK
|
| 952 |
|
|
|0 0
|1 0
|2 ddc
|4 0
|6 338_954920000000000_TRA
|7 1
|9 70633
|a BRACUL
|b BRACUL
|c AAKC
|d 2022-05-18
|e Donated by Akbar Ali Khan
|l 0
|o 338.95492 TRA
|p 3010038552
|r 2022-05-18
|t 3
|w 2022-05-18
|y BK
|
| 952 |
|
|
|0 0
|1 0
|2 ddc
|4 0
|6 338_954920000000000_TRA
|7 1
|9 71917
|a BRACUL
|b BRACUL
|c AAKC
|d 2022-10-11
|e Donated by Akbar Ali Khan
|l 0
|o 338.95492 TRA
|p 3010039585
|r 2022-10-11
|t 4
|w 2022-10-11
|y BK
|